SCHOLARLY RESEARCH: WRITING AND PUBLISHING INTO JOURNALS AND BOOKS (Record no. 207585)

MARC details
000 -LEADER
fixed length control field 00441nam a22001457a 4500
008 - FIXED-LENGTH DATA ELEMENTS--GENERAL INFORMATION
fixed length control field 231006b |||||||| |||| 00| 0 eng d
020 ## - INTERNATIONAL STANDARD BOOK NUMBER
International Standard Book Number 978-9966-082-64-0
100 ## - MAIN ENTRY--PERSONAL NAME
Personal name AKAMA, JOHN S.
245 ## - TITLE STATEMENT
Title SCHOLARLY RESEARCH: WRITING AND PUBLISHING INTO JOURNALS AND BOOKS
260 ## - PUBLICATION, DISTRIBUTION, ETC.
Place of publication, distribution, etc. NAIROBI
Name of publisher, distributor, etc. NSEMIA
Date of publication, distribution, etc. 2022
300 ## - PHYSICAL DESCRIPTION
Extent XXVIII,424P.
500 ## - GENERAL NOTE
General note INCLUDES BIBLIOGRAPHICAL REFERENCES AND INDEX
650 ## - SUBJECT ADDED ENTRY
Topical term or geographic name entry element PUBLICATIONS
942 ## - ADDED ENTRY ELEMENTS (KOHA)
Source of classification or shelving scheme Library of Congress Classification
Koha item type Long Loan Book
Holdings
Withdrawn status Lost status Source of classification or shelving scheme Damaged status Not for loan Collection Home library Current library Shelving location Date acquired Inventory number Total checkouts Full call number Barcode Date last seen Date last checked out Copy number Price effective from Koha item type
    Library of Congress Classification     Science & Technology Kisii University Library Kisii University Library On Display 10/06/2023 101335 2 Z 286 .S36 2022 000000001605 10/31/2023 10/17/2023 C.40 10/06/2023 Long Loan Book
    Library of Congress Classification     Science & Technology Kisii University Library Kisii University Library On Display 10/06/2023 101331   Z 286 .S36 2022 000000001602 10/06/2023   C.36 10/06/2023 Long Loan Book
    Library of Congress Classification     Science & Technology Kisii University Library Kisii University Library   10/06/2023 101330 1 Z 286 .S36 2022 000000002585 10/19/2023 10/06/2023 C.35 10/06/2023 Long Loan Book